Statistics of Markov processes with applications in insurance and public health life tables and life expectancies : [absztrakt] /

Elmentve itt :
Bibliográfiai részletek
Szerző: Radnóti László
Testületi szerző: Challenges for Analysis of the Economy, the Businesses, and Social Progress International Scientific Conference
Dokumentumtípus: Könyv része
Megjelent: Universitas Szeged Press Szeged 2009
Sorozat:Challenges for Analysis of the Economy, the Businesses, and Social Progress : abstract book
Kulcsszavak:Markov-folyamat - statisztika - előadáskivonat, Közegészségügy - statisztika - előadáskivonat, Biztosítás - statisztika - előadáskivonat
Tárgyszavak:
Online Access:http://acta.bibl.u-szeged.hu/77231
LEADER 01293naa a2200253 i 4500
001 acta77231
005 20221123105652.0
008 221123s2009 hu o 1|| eng d
020 |a 978-963-88468-3-9 
040 |a SZTE Egyetemi Kiadványok Repozitórium  |b hun 
041 |a eng 
100 1 |a Radnóti László 
245 1 0 |a Statistics of Markov processes with applications in insurance and public health   |h [elektronikus dokumentum] :  |b life tables and life expectancies : [absztrakt] /  |c  Radnóti László 
260 |a Universitas Szeged Press  |b Szeged  |c 2009 
300 |a 212 
490 0 |a Challenges for Analysis of the Economy, the Businesses, and Social Progress : abstract book 
650 4 |a Természettudományok 
650 4 |a Matematika 
650 4 |a Számítás- és információtudomány 
650 4 |a Társadalomtudományok 
650 4 |a Szociológia 
695 |a Markov-folyamat - statisztika - előadáskivonat, Közegészségügy - statisztika - előadáskivonat, Biztosítás - statisztika - előadáskivonat 
711 |a Challenges for Analysis of the Economy, the Businesses, and Social Progress International Scientific Conference  |c Szeged  |d 2009. november 19-21. 
856 4 0 |u http://acta.bibl.u-szeged.hu/77231/1/challenges_for_analysis_of_the_economy_212.pdf  |z Dokumentum-elérés